[Event "GER-ch Net blitz qual4"]
[Site "Playchess.com INT"]
[Date "2021.05.10"]
[Round "3"]
[White "Kitschke, Heiko"]
[Black "Otte, Burkhard"]
[Result "1-0"]
[WhiteElo "1882"]
[BlackElo "1612"]
[PlyCount "63"]
[EventDate "2021.05.10"]
[EventType "swiss (blitz)"]
[EventRounds "11"]
[EventCountry "GER"]
[SourceTitle "CBM 202 Extra"]
[Source "ChessBase"]
[SourceDate "2021.07.31"]
[SourceVersion "1"]
[SourceVersionDate "2021.07.31"]
[SourceQuality "1"]

1. e4 c5 2. Nf3 Nc6 3. Bb5 e6 4. 0-0 Nge7 5. c3 a6 6. Ba4 b5 7. Bc2 Ng6 8. d4 cxd4 9. cxd4 d5 10. e5 Be7 11. Nc3 0-0 12. g3 Qb6 13. h4 Rd8 14. Ne2 Bb7 15. Bg5 Rac8 16. Rc1 Nb4 17. Bb1 Bxg5 18. Nxg5 Rxc1 19. Qxc1 Rc8 20. Qd2 a5 21. h5 h6 22. hxg6 hxg5 23. gxf7+ Kxf7 24. Qxg5 Nc2 25. Qd2 Nb4 26. a3 Nc6 27. Qd3 Ne7 28. Qf3+ Kg8 29. Qh5 b4 30. Bh7+ Kf8 31. Nf4 Qxd4 32. Nxe6# 1-0

[Event "Lippe Cup 06th"]
[Site "Lieme"]
[Date "2009.10.17"]
[Round "3"]
[White "Otte, Burkhard"]
[Black "Mohrmann, Thomas"]
[Result "1/2-1/2"]
[WhiteElo "1761"]
[BlackElo "1988"]
[PlyCount "67"]
[EventDate "2009.10.16"]
[EventType "swiss"]
[EventRounds "5"]
[EventCountry "GER"]
[SourceTitle "EXT 2012"]
[Source "ChessBase"]
[SourceDate "2011.11.24"]
[SourceVersion "1"]
[SourceVersionDate "2011.11.24"]
[SourceQuality "1"]

1. e4 d5 2. exd5 Qxd5 3. Nc3 Qa5 4. d4 c6 5. Nf3 Nf6 6. Bd2 Bf5 7. Bc4 e6 8. Nd5 Qd8 9. Nxf6+ gxf6 10. 0-0 Qc7 11. Re1 Nd7 12. Nh4 Bg6 13. Nxg6 hxg6 14. g3 Bd6 15. Qe2 0-0-0 16. b4 Rh5 17. Kg2 Rdh8 18. Rh1 f5 19. a4 Kb8 20. b5 c5 21. d5 e5 22. a5 Qc8 23. Rab1 b6 24. axb6 Nxb6 25. Ba5 R8h7 26. Bxb6 axb6 27. Ra1 Qh8 28. h4 f6 29. Qd3 Rb7 30. Qa3 Kc7 31. Qa8 e4 32. Ra7 Qxa8 33. Rxa8 Be5 34. Be2 1/2-1/2

[Event "Lippe Cup 06th"]
[Site "Lieme"]
[Date "2009.10.16"]
[Round "1"]
[White "Otte, Burkhard"]
[Black "Schilling, Dietmar"]
[Result "1-0"]
[WhiteElo "1761"]
[BlackElo "1995"]
[PlyCount "103"]
[EventDate "2009.10.16"]
[EventType "swiss"]
[EventRounds "5"]
[EventCountry "GER"]
[SourceTitle "EXT 2013"]
[Source "ChessBase"]
[SourceDate "2012.11.22"]
[SourceVersion "1"]
[SourceVersionDate "2012.11.22"]
[SourceQuality "1"]

1. e4 c5 2. Nf3 e6 3. d4 cxd4 4. Nxd4 a6 5. Nc3 Qc7 6. g3 Nf6 7. Bg2 Bb4 8. 0-0 Bxc3 9. bxc3 Qxc3 10. Bf4 0-0 11. Bd6 Re8 12. Rb1 Nc6 13. Nxc6 dxc6 14. Rb3 Qa5 15. e5 Nd7 16. Qh5 Qd2 17. Re3 a5 18. Be4 g6 19. Qf3 a4 20. Rd1 Qa5 21. Qf4 f5 22. exf6 Kf7 23. Rf3 Qh5 24. g4 g5 25. gxh5 gxf4 26. Bxh7 Kxf6 27. Rxf4+ Kg5 28. Bg6 Rg8 29. h4+ Kh6 30. Rf7 Rxg6+ 31. hxg6 Kxg6 32. Rf3 Nf6 33. Kh1 Ne4 34. Rg1+ Kh5 35. Be7 Bd7 36. Rf7 Rh8 37. Rgg7 c5 38. Kg2 Bc6 39. f3 Nc3 40. Rg5+ Kh6 41. Bf8+ Rxf8 42. Rxf8 Kh7 43. Rf7+ Kh8 44. Rf6 Kh7 45. Rxe6 Nxa2 46. h5 Nb4 47. h6 Nd5 48. Rg7+ Kh8 49. Rd6 Nf4+ 50. Kf2 Ne6 51. Rxe6 a3 52. Rf6 1-0